000
00298nam a22001337a 4500
008
170504b xxu||||| |||| 00| 0 eng d
020
_a
0870847473
041
_a
eng
080
_a
343.9
100
_a
14
101
_a
shj
245
_a
VIOLENT CRIME AND GUN CONTROL
_c
ROBIN, G.D
942
_2
udc
_c
BK
999
_c
12657
_d
12657